Toda fascinación tiene su límite (Registro nro. 46919)

Detalles MARC
000 -ENCABEZADO
Número de control [NR] 00748nam a2200205Ia 4500
005 - FECHA Y HORA DE LA ÚLTIMA TRANSACCIÓN
control field 20211110134607.0
008 - DE LONGITUD FIJA DE DATOS DE ELEMENTOS - INFORMACIÓN GENERAL
Elementos de longitud fija [NR] 171214s2000 ve gr spa d
040 ## - FUENTE DE CATALOGACION [NR]
Agencia de catalogación original [NR] Co-BoUCM
Idioma de catalogación [NR] spa
Quien Cataloga Saul Niño (Modificó)
Quien Clasifica Saul Niño (Modificó)
041 00 - CODIGO DE IDIOMA [R]
Código de idioma para texto/pista de sonido o título separado [R] Español
100 1# - ASIENTO PRINCIPAL--NOMBRE PERSONAL [NR]
Nombre personal [NR] Bernal Pinilla, Luis Darío
Fechas asociadas con el nombre [NR] 1950-
ID Autoridad 90517
245 10 - MENCION DE TITULO [NR]
Título [NR] Toda fascinación tiene su límite
Mención de responsabilidad, etc. [NR] Luis Darío bernal Pinilla
260 ## - PUBLICACION, DISTRIBUCION, ETC. (PIE DE IMPRENTA) [R]
Lugar de publicación, distribución, etc. [R] Venezuela
Nombre del editor, distribuidor, etc. [R] Tercer Milenium
Fecha de publicación, distribución, etc. [R] [2003]
300 ## - DESCRIPCION FISICA [R]
Extensión [R] 101 páginas
500 ## - NOTA GENERAL [R]
Nota general [NR] Premio Nacional de Narrativa - Venezuela 2002
650 #7 - ASIENTO SECUNDARIO DE MATERIA - TERMINO TEMATICO [R]
9 (RLIN) 12311
Término temático o nombre geográfico como elemento de entrada [NR] Cuentos venezolanos
650 #7 - ASIENTO SECUNDARIO DE MATERIA - TERMINO TEMATICO [R]
9 (RLIN) 7795
Término temático o nombre geográfico como elemento de entrada [NR] Literatura juvenil
650 #7 - ASIENTO SECUNDARIO DE MATERIA - TERMINO TEMATICO [R]
9 (RLIN) 18755
Término temático o nombre geográfico como elemento de entrada [NR] Literatura venezolana
942 ## - ELEMENTOS DE ENTRADA AGREGADOS (KOHA)
Tipo de ítem principal el descrito en 300a Libro
Tema principal Literatura
Edición 1
Sistema de clasificación DEWEY
Clasificación 863.44
Parte restante de la signatura top. B517t
Título oculto en OPAC No
Existencias
Fecha de último préstamo Total préstamos Signatura topográfica Código de barras Última vez visto Ejemplar Price effective from Tipo de ítem Nota pública (OPAC) Perdido Sistema de clasificación Dañado No prestable Tipo de ítem específico Suprimido Ubicación habitual Ubicación actual Localización Fecha de creación Forma de adquisición Costo
22/11/2018 1 V 863.44 B517t 100073655 11/12/2025 Ej.1 03/02/2013 Libro Spot Literatura general   DEWEY     Libro   Quinta de Mutis Quinta de Mutis Mezanecs 28/02/2005 Donación 26000.00